000 00321 a2200133 4500
001 152641
040 _cEscola São Tomás de Aquino
100 _aCLAVER, Ronald
240 1 0 _aA última sessão de cinema
_lpor
245 1 0 _aA última sessão de cinema
440 1 _aFTD
697 _a*LITERATURA JUVENIL
942 _cBK
999 _c152641
_d152641